000 00337nam a22001457a 4500
003 SGT
020 _a9789382597643
082 _a923.154
_bP17G
100 _aGUPTA, RAJIV
245 _aPARDHAN MANTRI KE MAN KI BAAT
260 _aINDIA
_bSAHITYA SANCHAYA
_c2017
300 _a248
650 _aPRIME MINISTER OF INDIA
942 _2ddc
_cBK
999 _c25886
_d25886